Powiaty województwa łódzkiego z mapą - Statystyki

Ogólne statystyki
  • Ten quiz został rozwiązany 28 715 razy
  • Średni wynik to 14 z 24
Odpowiedzi na mapie
Odpowiedzi zakodowano w zielono-czerwonej skali na mapie do tego quizu, zgodnie z poniższymi procentami.
 
Statystyki odpowiedzi
Powiat % Poprawnych
miasto {Łódź}
99%
Piotrkowski
79%
miasto {Piotrków Trybunalski}
78%
Skierniewicki
70%
Bełchatowski
69%
miasto {Skierniewice}
69%
Pabianicki
67%
Zgierski
65%
Sieradzki
62%
Tomaszowski
60%
Łowicki
56%
Kutnowski
55%
Wieluński
55%
Łódzki wschodni
53%
Radomszczański
49%
Łęczycki
45%
Rawski
45%
Zduńskowolski
45%
Łaski
44%
Opoczyński
40%
Brzeziński
39%
Pajęczański
39%
Poddębicki
38%
Wieruszowski
37%
Nie znaleziono quizów pasujących do podanych kryteriów
Rozkład punktacji
Procent ludzi z każdym wynikiem
Percentyl według liczby udzielonych odpowiedzi
Twoja historia wyników
Nie rozwiązałeś tego quizu